[Event "Groningen op-A 51st"]
[Site "Groningen"]
[Date "2013.12.26"]
[Round "5"]
[White "Vos, Tjark"]
[Black "Dirksen, Marieke"]
[Result "1-0"]
[WhiteElo "2085"]
[BlackElo "2012"]
[PlyCount "81"]
[EventDate "2013.12.21"]
[EventType "swiss"]
[EventRounds "9"]
[EventCountry "NED"]
[SourceTitle "CBM 158 Extra"]
[Source "ChessBase"]
[SourceDate "2014.02.28"]
[SourceVersion "1"]
[SourceVersionDate "2014.02.28"]
[SourceQuality "1"]

1. e4 c5 2. Nf3 d6 3. d4 cxd4 4. Nxd4 Nf6 5. Nc3 Nc6 6. Bg5 Bd7 7. Qd2 e6 8. Ndb5 Qa5 9. Nxd6+ Bxd6 10. Bxf6 gxf6 11. Qxd6 0-0-0 12. 0-0-0 Be8 13. Qf4 Rxd1+ 14. Kxd1 Qe5 15. Qxe5 fxe5 16. Nb5 a6 17. Nd6+ Kc7 18. Nc4 f6 19. Ne3 Bg6 20. f3 Rd8+ 21. Kc1 f5 22. exf5 exf5 23. Bd3 Ne7 24. Re1 Rd4 25. Nc4 e4 26. Nd2 exd3 27. Rxe7+ Kd8 28. Rxb7 dxc2 29. Kxc2 f4+ 30. Kc1 Bd3 31. g3 fxg3 32. hxg3 Rd6 33. Ne4 Rh6 34. Kd2 Bf1 35. Ke3 Rh2 36. a4 h5 37. b4 h4 38. gxh4 Rxh4 39. Rb6 Rh3 40. Nd2 Kc7 41. Rxa6 1-0

[Event "NED-ch (Women)"]
[Site "Eindhoven"]
[Date "2010.06.19"]
[Round "9"]
[White "Peng, Zhaoqin"]
[Black "Dirksen, Marieke"]
[Result "1/2-1/2"]
[WhiteElo "2397"]
[BlackElo "1976"]
[PlyCount "60"]
[EventDate "2010.06.11"]
[EventType "tourn"]
[EventRounds "10"]
[EventCountry "NED"]
[SourceTitle "CBM 136 Extra"]
[Source "ChessBase"]
[SourceDate "2010.07.02"]
[SourceVersion "2"]
[SourceVersionDate "2010.07.15"]
[SourceQuality "1"]

1. d4 d5 2. c4 e6 3. Nf3 c6 4. Nbd2 f5 5. g3 Nf6 6. Bg2 Bd6 7. 0-0 0-0 8. Ne5 b6 9. b3 Bb7 10. Bb2 Qe7 11. Ndf3 c5 12. e3 Nbd7 13. Qe2 Rac8 14. Rfd1 Rfd8 15. Rac1 Ba8 16. Nd3 Ne4 17. Nfe5 Bxe5 18. dxe5 dxc4 19. bxc4 Ng5 20. Bxa8 Rxa8 21. Nf4 Nf8 22. h4 Nf7 23. e4 Rxd1+ 24. Rxd1 fxe4 25. Qxe4 Rd8 26. Ra1 Qd7 27. Bc3 Qa4 28. Qe2 a6 29. Rb1 Rb8 30. Rb2 b5 1/2-1/2

[Event "NED-ch (Women)"]
[Site "Eindhoven"]
[Date "2010.06.18"]
[Round "8"]
[White "Lanchava, Tea"]
[Black "Dirksen, Marieke"]
[Result "1-0"]
[WhiteElo "2364"]
[BlackElo "1976"]
[PlyCount "61"]
[EventDate "2010.06.11"]
[EventType "tourn"]
[EventRounds "10"]
[EventCountry "NED"]
[SourceTitle "CBM 136 Extra"]
[Source "ChessBase"]
[SourceDate "2010.07.02"]
[SourceVersion "2"]
[SourceVersionDate "2010.07.15"]
[SourceQuality "1"]

1. Nf3 d5 2. d4 c6 3. g3 Nf6 4. Nbd2 e6 5. Bg2 Be7 6. 0-0 0-0 7. c3 b6 8. Ne5 Bb7 9. e4 Nbd7 10. Nxd7 Qxd7 11. e5 Ne8 12. Re1 Ba6 13. Nf3 Qd8 14. h4 g6 15. Bg5 Ng7 16. Qd2 c5 17. g4 cxd4 18. Bxe7 Qxe7 19. Qh6 g5 20. Nxg5 Bd3 21. Be4 Bxe4 22. Rxe4 Qxg5 23. hxg5 dxe4 24. Kg2 d3 25. Rh1 Rfd8 26. Qxh7+ Kf8 27. Qh8+ Ke7 28. Qxg7 d2 29. Qf6+ Ke8 30. g6 d1Q 31. Qxf7# 1-0

[Event "NED-ch (Women)"]
[Site "Eindhoven"]
[Date "2010.06.16"]
[Round "6"]
[White "Haast, Anne"]
[Black "Dirksen, Marieke"]
[Result "1-0"]
[WhiteElo "2220"]
[BlackElo "1976"]
[PlyCount "43"]
[EventDate "2010.06.11"]
[EventType "tourn"]
[EventRounds "10"]
[EventCountry "NED"]
[SourceTitle "CBM 136 Extra"]
[Source "ChessBase"]
[SourceDate "2010.07.02"]
[SourceVersion "2"]
[SourceVersionDate "2010.07.15"]
[SourceQuality "1"]

1. e4 c5 2. Nf3 d6 3. c3 Nf6 4. Be2 Nc6 5. d4 cxd4 6. cxd4 Nxe4 7. d5 Qa5+ 8. Nc3 Nxc3 9. bxc3 Ne5 10. Nxe5 Qxc3+ 11. Bd2 Qxe5 12. 0-0 Bd7 13. Rb1 b6 14. Re1 Qf6 15. Qb3 Qd4 16. Bb5 Qxd2 17. Bxd7+ Kxd7 18. Rbc1 Rc8 19. Qh3+ e6 20. dxe6+ fxe6 21. Qxe6+ Kd8 22. Qe8# 1-0

[Event "NED-ch U21 Girls"]
[Site "Haarlem"]
[Date "2010.05.04"]
[Round "6"]
[White "Tempelman, Kristianne"]
[Black "Dirksen, Marieke"]
[Result "0-1"]
[WhiteElo "1928"]
[BlackElo "1976"]
[PlyCount "66"]
[EventDate "2010.04.29"]
[EventType "tourn"]
[EventRounds "9"]
[EventCountry "NED"]
[SourceTitle "EXT 2011"]
[Source "ChessBase"]
[SourceDate "2010.11.26"]
[SourceVersion "1"]
[SourceVersionDate "2010.11.26"]
[SourceQuality "1"]

1. d4 d5 2. c4 e6 3. Nf3 c6 4. Qb3 Nf6 5. g3 dxc4 6. Qxc4 Qd5 7. Qc2 Na6 8. a3 b6 9. Nc3 Qd7 10. Bg2 Bb7 11. 0-0 Be7 12. e4 c5 13. Rd1 cxd4 14. Nxd4 0-0 15. Bf4 Rfd8 16. Qe2 Nc5 17. b4 Na4 18. Rac1 Nxc3 19. Rxc3 Rac8 20. Rcd3 Qa4 21. Bg5 Qe8 22. f4 a6 23. e5 Nd5 24. Bxe7 Qxe7 25. Qg4 g6 26. f5 h5 27. Qh3 exf5 28. Nxf5 Qxe5 29. Ne7+ Qxe7 30. Bxd5 Bxd5 31. Rxd5 Qe3+ 32. Kh1 Qf3+ 33. Qg2 Qxd1+ 0-1

[Event "NED-ch U21 Girls"]
[Site "Venlo"]
[Date "2009.04.26"]
[Round "3"]
[White "Brandenburg, Lucia"]
[Black "Dirksen, Marieke"]
[Result "1/2-1/2"]
[WhiteElo "1925"]
[BlackElo "1919"]
[PlyCount "109"]
[EventDate "2009.04.24"]
[EventType "tourn"]
[EventRounds "9"]
[EventCountry "NED"]
[SourceTitle "CBM 130 Extra"]
[Source "ChessBase"]
[SourceDate "2009.07.02"]
[SourceVersion "2"]
[SourceVersionDate "2009.07.15"]
[SourceQuality "1"]

1. e4 c5 2. c3 Nf6 3. e5 Nd5 4. d4 cxd4 5. cxd4 e6 6. Nf3 d6 7. Bc4 Bd7 8. 0-0 Bc6 9. Qe2 Nd7 10. Re1 dxe5 11. Nxe5 Nxe5 12. Qxe5 Qd6 13. Qe2 0-0-0 14. Na3 a6 15. Be3 Nxe3 16. fxe3 Kb8 17. Rad1 Qc7 18. e4 Rxd4 19. Rxd4 Bc5 20. Kh1 Bxd4 21. Nc2 Be5 22. h3 Rd8 23. Bd3 Qe7 24. Rc1 Qg5 25. Ne3 Qg3 26. Ng4 Bf4 27. Rc3 Qh4 28. Qf2 Qxf2 29. Nxf2 Bg3 30. Kg1 Bxf2+ 31. Kxf2 e5 32. Ke3 Kc7 33. b4 Kd6 34. Rc5 b6 35. Rc1 Bb7 36. Rd1 Ke7 37. Rd2 Rd4 38. Rb2 f6 39. a3 Rd7 40. a4 Rc7 41. Kd2 g6 42. g4 Kf7 43. Rb1 Kg7 44. Rf1 Bc8 45. Rf3 Rd7 46. Kc3 Rc7+ 47. Kd2 Bd7 48. Bxa6 Bxa4 49. Bd3 Bd7 50. Rf1 Rc6 51. Ra1 Rd6 52. Ra7 Kh6 53. Ke3 Be6 54. Rb7 Bd7 55. Rb8 1/2-1/2

[Event "EU-ch U18 Girls 18th"]
[Site "Herceg Novi"]
[Date "2008.09.22"]
[Round "7"]
[White "Dirksen, Marieke"]
[Black "Veleska, Viktorija"]
[Result "1-0"]
[WhiteElo "1933"]
[BlackElo "1700"]
[PlyCount "115"]
[EventDate "2008.09.15"]
[EventType "swiss"]
[EventRounds "9"]
[EventCountry "MNE"]
[SourceTitle "CBM 126 Extra"]
[Source "ChessBase"]
[SourceDate "2008.11.05"]
[SourceVersion "1"]
[SourceVersionDate "2008.11.05"]
[SourceQuality "1"]

1. e4 g6 2. d4 Bg7 3. Nc3 c6 4. f4 d5 5. e5 Nh6 6. Be3 Bg4 7. Qd2 Be6 8. h3 f6 9. Nf3 Nf5 10. Bf2 0-0 11. g4 Nh6 12. Be3 fxe5 13. f5 exd4 14. Nxd4 Bxf5 15. gxf5 Bxd4 16. Bxh6 Bg7 17. Bxg7 Kxg7 18. fxg6 hxg6 19. Qd4+ Kf7 20. 0-0-0 Qd6 21. Bd3 Nd7 22. Rhg1 Rg8 23. Rdf1+ Nf6 24. Qg4 Ke8 25. Bxg6+ Kd8 26. Qf5 Qh2 27. Qe6 Rf8 28. Re1 Qc7 29. Rgf1 Qd7 30. Bf5 Qxe6 31. Bxe6 Kc7 32. Bf5 Ng8 33. h4 Rf7 34. Be6 Rxf1 35. Rxf1 Nf6 36. Ne2 Rh8 37. Rh1 Kd6 38. Bf7 e5 39. h5 Ne4 40. h6 Ng5 41. Bg6 Ke6 42. Ng3 Kf6 43. Bf5 Nf7 44. h7 e4 45. Kd2 b6 46. Rf1 Ke7 47. Ke3 Nd6 48. Kf4 Nf7 49. Nh5 Rf8 50. Rg1 Nh8 51. Rg7+ Kd6 52. Rg8 Ke7 53. Kg5 Nf7+ 54. Kg6 Ne5+ 55. Kg7 e3 56. Ng3 Rxf5 57. h8Q Rg5+ 58. Kh7 1-0

[Event "EU-ch U18 Girls 18th"]
[Site "Herceg Novi"]
[Date "2008.09.21"]
[Round "6"]
[White "Rakic, Marija"]
[Black "Dirksen, Marieke"]
[Result "1-0"]
[WhiteElo "2276"]
[BlackElo "1933"]
[PlyCount "85"]
[EventDate "2008.09.15"]
[EventType "swiss"]
[EventRounds "9"]
[EventCountry "MNE"]
[SourceTitle "CBM 126 Extra"]
[Source "ChessBase"]
[SourceDate "2008.11.05"]
[SourceVersion "1"]
[SourceVersionDate "2008.11.05"]
[SourceQuality "1"]

1. d4 Nf6 2. c4 g6 3. Nc3 Bg7 4. e4 d6 5. h3 0-0 6. Be3 e5 7. d5 Na6 8. g4 Nc5 9. Bg2 a5 10. Nge2 Bd7 11. Ng3 Rb8 12. Bf1 Ne8 13. Qd2 c6 14. 0-0-0 cxd5 15. Nxd5 Be6 16. Kb1 Kh8 17. Be2 b6 18. h4 Qc8 19. h5 Bxd5 20. cxd5 Qd7 21. g5 Kg8 22. hxg6 fxg6 23. Rh4 Nc7 24. Rdh1 Bh8 25. Bg4 Qe7 26. Nf5 gxf5 27. Bxf5 Rxf5 28. exf5 Qf7 29. Qc2 Nxd5 30. Rxh7 Bg7 31. g6 Qf6 32. Bh6 Bxh6 33. R1xh6 Nb4 34. Rh8+ Qxh8 35. Rxh8+ Kxh8 36. Qd2 Kg7 37. Qxd6 Rc8 38. Qxe5+ Kh6 39. Qh2+ Kg5 40. Qg3+ Kf6 41. Qc3+ Kg5 42. g7 Rd8 43. g8R+ 1-0

[Event "NED-ch U21 Girls"]
[Site "Venlo"]
[Date "2008.05.03"]
[Round "9"]
[White "Brandenburg, Lucia"]
[Black "Dirksen, Marieke"]
[Result "1/2-1/2"]
[WhiteElo "1840"]
[BlackElo "1700"]
[PlyCount "42"]
[EventDate "2008.04.25"]
[EventType "tourn"]
[EventRounds "9"]
[EventCountry "NED"]
[SourceTitle "CBM 123 Extra"]
[Source "ChessBase"]
[SourceDate "2008.05.06"]
[SourceVersion "1"]
[SourceVersionDate "2008.05.06"]
[SourceQuality "1"]

1. e4 c5 2. c3 d5 3. exd5 Qxd5 4. d4 Nc6 5. dxc5 Qxd1+ 6. Kxd1 Bg4+ 7. Kc2 0-0-0 8. b4 g6 9. Be3 Bg7 10. a3 Nf6 11. Bb5 Bf5+ 12. Kb3 Ng4 13. Ne2 Nxe3 14. fxe3 Be4 15. Rf1 Rhf8 16. g3 a6 17. Bxc6 bxc6 18. Nd4 e5 19. Nf3 Rd3 20. Ng5 Rxe3 21. Nd2 Bd5+ 1/2-1/2

[Event "NED-ch U21 Girls"]
[Site "Venlo"]
[Date "2008.05.02"]
[Round "8"]
[White "Dirksen, Marieke"]
[Black "Middelveld, Martine"]
[Result "0-1"]
[WhiteElo "1700"]
[BlackElo "2048"]
[PlyCount "82"]
[EventDate "2008.04.25"]
[EventType "tourn"]
[EventRounds "9"]
[EventCountry "NED"]
[SourceTitle "CBM 123 Extra"]
[Source "ChessBase"]
[SourceDate "2008.05.06"]
[SourceVersion "1"]
[SourceVersionDate "2008.05.06"]
[SourceQuality "1"]

1. e4 e6 2. d4 d5 3. Nd2 Nf6 4. e5 Nfd7 5. Bd3 c5 6. c3 b6 7. Nh3 Ba6 8. Qe2 Bxd3 9. Qxd3 Nc6 10. a3 Qc7 11. 0-0 Be7 12. f4 cxd4 13. cxd4 Nxd4 14. b4 Nf5 15. Bb2 h5 16. Rac1 Qb7 17. Nf3 g6 18. Nd4 Nxd4 19. Bxd4 Rc8 20. Bc3 Rg8 21. Bd4 Kf8 22. Rc3 Nb8 23. Rfc1 Kg7 24. Qc2 Rxc3 25. Qxc3 Qa6 26. Bf2 Rd8 27. Kh1 Rd7 28. Rc2 Bd8 29. Qc8 Qxc8 30. Rxc8 Na6 31. Bd4 Be7 32. Ng1 Nc7 33. Nf3 Nb5 34. Bb2 d4 35. Rc1 d3 36. Rd1 a5 37. a4 Nc7 38. bxa5 bxa5 39. g3 Na6 40. Bd4 Nc5 41. Bc3 Ne4 0-1

[Event "NED-ch U21 Girls"]
[Site "Venlo"]
[Date "2008.04.30"]
[Round "6"]
[White "Munnik, Talitha"]
[Black "Dirksen, Marieke"]
[Result "1/2-1/2"]
[WhiteElo "1959"]
[BlackElo "1700"]
[PlyCount "99"]
[EventDate "2008.04.25"]
[EventType "tourn"]
[EventRounds "9"]
[EventCountry "NED"]
[SourceTitle "CBM 123 Extra"]
[Source "ChessBase"]
[SourceDate "2008.05.06"]
[SourceVersion "1"]
[SourceVersionDate "2008.05.06"]
[SourceQuality "1"]

1. e4 c5 2. Nf3 d6 3. d4 cxd4 4. Nxd4 Nf6 5. f3 e5 6. Nb3 d5 7. Bg5 Be6 8. Bxf6 gxf6 9. exd5 Qxd5 10. Qxd5 Bxd5 11. Nc3 Be6 12. Nb5 Na6 13. 0-0-0 Bh6+ 14. Kb1 Ke7 15. Be2 Rhc8 16. Nd6 Rc7 17. c3 Be3 18. Bxa6 bxa6 19. Rhe1 Bh6 20. Ne4 Rc6 21. g4 Bxb3 22. axb3 Rb8 23. Kc2 Bf4 24. h4 Ke6 25. Rd3 f5 26. gxf5+ Kxf5 27. Rd7 Ke6 28. Red1 f5 29. Nc5+ Kf6 30. Rxa7 Rg8 31. Rdd7 e4 32. Rf7+ Kg6 33. Nxe4 h5 34. Nf2 Re6 35. Nd3 Re2+ 36. Kb1 Bb8 37. Rae7 Rd2 38. Nc1 Rd1 39. Rd7 Rh1 40. Rfe7 Rxh4 41. Ne2 Rh1+ 42. Kc2 h4 43. f4 h3 44. Re6+ Kh5 45. Rh7+ Kg4 46. Reh6 Kf3 47. Nd4+ Kg2 48. Nxf5 Bxf4 49. Rh4 Bb8 50. Ne3+ 1/2-1/2

[Event "NED-ch U21 Girls"]
[Site "Venlo"]
[Date "2008.04.29"]
[Round "5"]
[White "Dirksen, Marieke"]
[Black "Harezlak, Mariko"]
[Result "0-1"]
[WhiteElo "1700"]
[BlackElo "1757"]
[PlyCount "78"]
[EventDate "2008.04.25"]
[EventType "tourn"]
[EventRounds "9"]
[EventCountry "NED"]
[SourceTitle "CBM 123 Extra"]
[Source "ChessBase"]
[SourceDate "2008.05.06"]
[SourceVersion "1"]
[SourceVersionDate "2008.05.06"]
[SourceQuality "1"]

1. e4 c5 2. Nf3 e6 3. d4 cxd4 4. Nxd4 Nc6 5. Nc3 Qc7 6. Be3 a6 7. Qd2 Nf6 8. 0-0-0 Bb4 9. f3 Ne5 10. Nb3 b5 11. Qd4 Be7 12. Bf4 Nd3+ 13. Qxd3 Qxf4+ 14. Kb1 0-0 15. g3 Qc7 16. Qe3 d6 17. h4 Bd7 18. Bd3 b4 19. Ne2 a5 20. g4 Rfc8 21. Rd2 e5 22. h5 a4 23. Nbc1 h6 24. g5 hxg5 25. Ng3 a3 26. h6 axb2 27. hxg7 bxc1Q+ 28. Kxc1 Rxa2 29. Rh8+ Kxg7 30. Qxg5+ Kxh8 31. Rh2+ Nh7 32. Qh5 Ra1+ 33. Kd2 Qc3+ 34. Ke3 Qd4+ 35. Ke2 Rxc2+ 36. Bxc2 Bb5+ 37. Bd3 Bxd3+ 38. Kd2 Bc4+ 39. Kc2 Qc3# 0-1